书目信息 |
| 题名: |
当代景观
|
|
| 作者: | 乌菲伦 编 ;扈喜林 译 | |
| 分册: | 立面绿化设计 | |
| 出版信息: | 南京 江苏人民出版社 2011.06 |
|
| 页数: | 174页 | |
| 开本: | 26cm | |
| 丛书名: | ||
| 单 册: | ||
| 中图分类: | TU986.2 | |
| 科图分类: | ||
| 主题词: | 景观设计--jing guan she ji , 绿化--lu^ hua--景观设计 | |
| 电子资源: | ||
| ISBN: | 978-7-214-07041-8 | |
| 000 | 00990nam 2200265 450 | |
| 001 | 1134607221 | |
| 005 | 20120223123709.14 | |
| 010 | @a978-7-214-07041-8@b精装@dCNY158.00@z7-214-07041-3 | |
| 100 | @a20110624d2011 em y0chiy50 ea | |
| 101 | 1 | @achi@cger |
| 102 | @aCN@b320000 | |
| 105 | @aa z 001yy | |
| 200 | 1 | @a当代景观@Adang dai jing guan@i立面绿化设计@f(德) 乌菲伦编@g扈喜林译 |
| 210 | @a南京@c江苏人民出版社@d2011.06 | |
| 215 | @a174页@c图 (部分彩图)@d26cm | |
| 320 | @a有索引 | |
| 330 | @a本书介绍了: Pershing Hall酒店 ; M2地铁站 ; Ballet Valet室内停车场 ; 新宿花园 ; 瑞士MFO公园 ; 剧场门厅 ; 生态公园 ; 好莱坞娱乐城 ; 蜘蛛侠的房子 ; Z58 ; 大学医院等内容。 | |
| 517 | 1 | @a立面绿化设计@Ali mian lu^ hua she ji |
| 606 | 0 | @a景观设计@Ajing guan she ji |
| 606 | 0 | @a绿化@Alu^ hua@x景观设计 |
| 690 | @aTU986.2@v4 | |
| 701 | 1 | @a乌菲伦@Awu fei lun@g(Uffelen, Chris van),@f1966- @4编 |
| 702 | 0 | @a扈喜林@Ahu xi lin@4译 |
| 801 | 0 | @aCN@c20110624 |
| 905 | @dTU986.2@eW710 | |
| 当代景观.立面绿化设计/(德) 乌菲伦编/扈喜林译.-南京:江苏人民出版社,2011.06 |
| 174页:图 (部分彩图);26cm |
| ISBN 978-7-214-07041-8(精装):CNY158.00 |
| 本书介绍了: Pershing Hall酒店 ; M2地铁站 ; Ballet Valet室内停车场 ; 新宿花园 ; 瑞士MFO公园 ; 剧场门厅 ; 生态公园 ; 好莱坞娱乐城 ; 蜘蛛侠的房子 ; Z58 ; 大学医院等内容。 |
| ● |
| 相关链接 |
|
|
|
正题名:当代景观
索取号:TU986.2/W710
 
预约/预借
| 序号 | 登录号 | 条形码 | 馆藏地/架位号 | 状态 | 备注 |
| 1 | 1221704 | 212217046 | 建筑库201/201建筑库 109排2列3层/ [索取号:TU986.2/W710] | 在馆 | |
| 2 | 1221705 | 212217055 | 建筑与城市规划学院资料室/101建筑库 90排4列3层/ [索取号:TU986.2/W710] | 在馆 | |
| 3 | 1221706 | 212217064 | 建筑库201/201建筑库 109排2列3层/ [索取号:TU986.2/W710] | 在馆 | |
| 4 | 484029 | 204840299 | 建筑与城市规划学院资料室/101建筑库 90排4列5层/ [索取号:TU986.2/W710] | 在馆 | |
| 5 | 484030 | 204840306 | 建筑库201/201建筑库 109排2列3层/ [索取号:TU986.2/W710] | 在馆 |